Um pombo chamado Colombo (Registo nº 1187)

Detalhes MARC
000 -Etiqueta do registo
Cabeçalho 00801nam0a2200253 4500
005 - Identificador da versão
Campo de controlo 20240822170930.0
010 ## - Número internacional normalizado dos livros (ISBN)
Número (ISBN) 9789722337564
Modalidade de aquisição e/ou preço oferta
021 ## - Número do Depósito Legal
Código do país PT
Número 313355/10
100 ## - Dados gerais de processamento
Dados gerais de processamento 20150814d2010 md y0pory5003 ba
101 0# - Língua de publicação
Língua do texto, banda sonora, etc. Português
102 ## - Pais de publicação ou produção
País de publicação Portugal
200 1# - Titulo e menção de responsabilidade
Título próprio Um pombo chamado Colombo
Primeira menção de responsabilidade Margarida Fonseca Santos, Maria Teresa Maia Gonzalez
205 ## - Menção da edição
Menção da edição 2ª ed
210 ## - Publicação, Distribuição, etc. 
Lugar da edição, distribuição, etc. Barcarena
Nome do editor, distribuidor, etc. Presença
Data da publicação, distribuição, etc. 2010
215 ## - Descrição física 
Indicação específica da natureza do documento e extensão da espécie 83, [1] p
Outras indicações físicas il. color
225 2# - Colecção 
Título próprio da colecção As aventuras de Colombo
Indicação de volume 1
606 ## - Nome comum usado como assunto
Número de registo de entrada de autoridade 0002462
Palavra de ordem Literautura portuguesa
Subdivisão de assunto Romances de aventuras
Código do sistema CA
675 ## - Classificação Decimal Universal (CDU)
Notação 821.134.3-311.3
Edição 3ª ed.
Língua da edição por
700 #1 - Nome de autor-pessoa física (responsabilidade principal)
Número de registo de entrada de autoridade 0002463
Palavra de ordem Santos
Outra parte do nome não tomada para palavra de ordem Margarida Fonseca
Elementos de identificação ou distinção e outro
Datas 1960-
701 #1 - Nome de autor-pessoa física (co-responsabilidade principal)
Palavra de ordem Gonzalez
Outra parte do nome não tomada para palavra de ordem Maria Teresa Maia
Elementos de identificação ou distinção e outro
Datas 1958-
Código de função Autor / Co-autor
942 ## - Elementos de entrada adicionados (Koha)
Tipo de item no Koha Livro
966 ## - Identificação da Biblioteca
Sigla EB2,3ENM
Exemplares
Situação do levantamento Origin of item (home branch) (coded) Biblioteca de empréstimo Código de barras Cota Circulation type (not for loan) Tipo de documento Nota do exemplar Damaged status
  Biblioteca Escolar Eng. Nuno Mergulhão Biblioteca Escolar Eng. Nuno Mergulhão BENM2159 82LP-3 SAN   Livro Sem mensagem